000 00590nam a2200193Ia 4500
003 GCL
008 140319s9999 xx 000 0 ara d
040 _aGCL /
_cGCL
082 0 4 _a811.052
_bح ا
100 1 _aاحمد فضل القمندان
245 1 0 _aاغانى القمندان /
_cاحمد فضل القمندان
700 1 _aخالد محمود القاسمى
260 _a[S.N] :
_bمؤسسة دار الكتاب الحديث ،
_c1992
300 _a123 ص
490 _a
650 0 4 _aالشعر العربى
650 0 4 _aالشعر الغنائى
942 _2ddc
_cBK
999 _c54055
_d54055